Rice research in Asia : (Record no. 6596)

MARC details
000 -LEADER
fixed length control field 00853cam a2200241 a 4500
001 - CONTROL NUMBER
control field BD-DhSAU 6596
003 - CONTROL NUMBER IDENTIFIER
control field BD-DhSAU
005 - DATE AND TIME OF LATEST TRANSACTION
control field 20150510121924.0
008 - FIXED-LENGTH DATA ELEMENTS--GENERAL INFORMATION
fixed length control field 970228s1996 enkab rb 001 0 eng d
020 ## - INTERNATIONAL STANDARD BOOK NUMBER
International Standard Book Number 0851989977
040 ## - CATALOGING SOURCE
Original cataloging agency BD-DhSAU
082 00 - DEWEY DECIMAL CLASSIFICATION NUMBER
Classification number 633.180725
Edition number 22
Item number RIC
245 00 - TITLE STATEMENT
Title Rice research in Asia :
Remainder of title progress and priorities /
Statement of responsibility, etc. edited by R.E. Evenson, R.W. Herdt, and M. Hossain.
260 ## - PUBLICATION, DISTRIBUTION, ETC. (IMPRINT)
Place of publication, distribution, etc. Wallingford, UK :
Name of publisher, distributor, etc. CAB International in association with the International Rice Research Institute,
Date of publication, distribution, etc. c1996.
300 ## - PHYSICAL DESCRIPTION
Extent xi, 418 p. :
Other physical details ill., map ;
Dimensions 25 cm.
504 ## - BIBLIOGRAPHY, ETC. NOTE
Bibliography, etc Includes bibliographical references and index.
590 ## - Name of Cataloguer
Name of Cataloger joy
650 #0 - SUBJECT ADDED ENTRY--TOPICAL TERM
Topical term or geographic name as entry element Rice
General subdivision Research
Geographic subdivision Asia.
650 #0 - SUBJECT ADDED ENTRY--TOPICAL TERM
Topical term or geographic name as entry element Agronomy.
700 1# - ADDED ENTRY--PERSONAL NAME
Personal name Evenson, Robert E.
Fuller form of name (Robert Eugene),
Dates associated with a name 1934-
700 1# - ADDED ENTRY--PERSONAL NAME
Personal name Herdt, Robert W.,
Dates associated with a name 1939-
700 1# - ADDED ENTRY--PERSONAL NAME
Personal name Hossain, Mahabub,
Dates associated with a name 1945-
942 ## - ADDED ENTRY ELEMENTS (KOHA)
Source of classification or shelving scheme Dewey Decimal Classification
Koha item type Book
Holdings
Withdrawn status Lost status Source of classification or shelving scheme Damaged status Not for loan Collection code Home library Branch Name Shelving location Date acquired Total Checkouts Full call number Barcode Date last seen Price effective from Koha item type
    Dewey Decimal Classification   Not For Loan Reference SAU Library SAU Library Reference 24/01/2008   633.180725 RIC 33516 10/05/2015 10/05/2015 Book